| 000 -LEADER |
| fixed length control field |
00948cam a22002294a 4500 |
| 001 - CONTROL NUMBER |
| control field |
15182969 |
| 005 - DATE AND TIME OF LATEST TRANSACTION |
| control field |
20210624121411.0 |
| 008 - FIXED-LENGTH DATA ELEMENTS--GENERAL INFORMATION |
| fixed length control field |
080215s2008 cau b 001 0 eng |
| 020 ## - INTERNATIONAL STANDARD BOOK NUMBER |
| International Standard Book Number |
9780470189702 |
| 041 ## - LANGUAGE CODE |
| Language code of text/sound track or separate title |
eng |
| 080 ## - UNIVERSAL DECIMAL CLASSIFICATION NUMBER |
| Universal Decimal Classification number |
616.8-008.6 R-52 |
| 100 1# - MAIN ENTRY--PERSONAL NAME |
| Personal name |
Rief, Sandra F. |
| 9 (RLIN) |
12086 |
| 245 14 - TITLE STATEMENT |
| Title |
The ADD/ADHD checklist : |
| Statement of responsibility, etc. |
A Practical Reference for Parents and Teachers / |
| Remainder of title |
by Sandra F. Rief. |
| 250 ## - EDITION STATEMENT |
| Edition statement |
2nd ed. |
| 264 ## - PRODUCTION, PUBLICATION, DISTRIBUTION, MANUFACTURE, AND COPYRIGHT NOTICE |
| Place of production, publication, distribution, manufacture |
San Francisco, CA : |
| Name of producer, publisher, distributor, manufacturer |
Jossey-Bass, |
| Date of production, publication, distribution, manufacture, or copyright notice |
2008. |
| 300 ## - PHYSICAL DESCRIPTION |
| Extent |
257 p. ; |
| Dimensions |
23 cm. |
| 653 ## - INDEX TERM--UNCONTROLLED |
| keyword |
ყურადღების დეფიციტით დაქვეითებული ბავშვები |
| 653 ## - INDEX TERM--UNCONTROLLED |
| keyword |
Дети с синдромом дефицита внимания |
| 856 41 - ELECTRONIC LOCATION AND ACCESS |
| Materials specified |
Table of contents only |
| Uniform Resource Identifier |
http://www.loc.gov/catdir/toc/ecip0811/2008006603.html |
| 856 42 - ELECTRONIC LOCATION AND ACCESS |
| Materials specified |
Publisher description |
| Uniform Resource Identifier |
http://www.loc.gov/catdir/enhancements/fy0814/2008006603-d.html |
| 942 ## - ADDED ENTRY ELEMENTS (KOHA) |
| Source of classification or shelving scheme |
|
| Koha item type |
წიგნი |